[Event "AUT-ch 2018"]
[Site "Vienna"]
[Date "2018.07.24"]
[Round "4"]
[White "Wu, Min"]
[Black "Ehs, Dominik"]
[Result "0-1"]
[WhiteElo "1944"]
[BlackElo "2097"]
[Annotator "NA"]
[PlyCount "116"]
[EventDate "2018.07.22"]
[EventType "swiss"]
[EventCountry "AUT"]
[SourceTitle "playchess.com"]
[Source "ChessBase"]
[SourceQuality "1"]
[TimeControl "40/5400+30:1800+30"]

1. d4 {[%emt 0:00:00]} f5 {[%emt 0:00:09]} 2. Nf3 {[%emt 0:01:06]} Nf6 {[%emt 0:00:12]} 3. g3 {[%emt 0:01:45]} g6 {[%emt 0:00:13]} 4. b3 {[%emt 0:06:14]} Bg7 {[%emt 0:00:19]} 5. Bb2 {[%emt 0:00:12]} O-O {[%emt 0:00:36]} 6. Bg2 {[%emt 0:00:38]} d6 {[%emt 0:03:40]} 7. c4 {[%emt 0:06:46]} e6 {[%emt 0:05:28]} 8. O-O {[%emt 0:02:46]} Nbd7 {[%emt 0:04:29]} 9. Qc2 {[%emt 0:03:42]} Ne4 {[%emt 0:05:30]} 10. Nbd2 {[%emt 0:06:12]} Ndf6 {[%emt 0:08:56]} 11. Rac1 {[%emt 0:05:48]} c6 {[%emt 0:15:38]} 12. Ne1 {[%emt 0:18:58]} Nxd2 {[%emt 0:11:36]} 13. Qxd2 {[%emt 0:00:12]} Ne4 {[%emt 0:00:16]} 14. Qc2 {[%emt 0:05:22]} d5 {[%emt 0:00:29]} 15. Nf3 {[%emt 0:00:59]} Bh6 {[%emt 0:09:41]} 16. e3 {[%emt 0:01:09]} g5 {[%emt 0:05:51]} 17. Ne5 {[%emt 0:00:53]} Nd6 {[%emt 0:05:06]} 18. Ba3 {[%emt 0:03:22]} Rf6 {[%emt 0:00:28]} 19. Bxd6 {[%emt 0:05:44]} Qxd6 {[%emt 0:00:10]} 20. f3 {[%emt 0:01:06]} Bd7 {[%emt 0:04:19]} 21. Rce1 {[%emt 0:09:32]} Be8 {[%emt 0:01:07]} 22. c5 {[%emt 0:00:15]} Qd8 {[%emt 0:00:51]} 23. Qc3 {[%emt 0:03:57]} Bg7 {[%emt 0:04:12]} 24. Qd2 {[%emt 0:01:51]} Rf8 {[%emt 0:03:27]} 25. Rf2 {[%emt 0:00:45]} Qe7 {[%emt 0:03:12]} 26. Qc1 {[%emt 0:02:43]} Rd8 {[%emt 0:00:33]} 27. Bf1 {[%emt 0:01:52]} Bh5 {[%emt 0:02:58]} 28. f4 {[%emt 0:02:42]} Bxe5 {[%emt 0:02:05]} 29. fxe5 {[%emt 0:00:46]} Rf7 {[%emt 0:00:52]} 30. Bd3 {[%emt 0:00:49]} Rdf8 {[%emt 0:00:31]} 31. Ref1 {[%emt 0:02:42]} Kh8 {[%emt 0:00:58]} 32. Qd2 {[%emt 0:00:52]} Bg6 {[%emt 0:01:28]} 33. h3 {[%emt 0:01:12]} Bh5 {[%emt 0:00:28]} 34. Kg2 {[%emt 0:00:32]} Rg7 {[%emt 0:00:48]} 35. a4 {[%emt 0:01:39]} Bg6 {[%emt 0:00:23]} 36. Rg1 {[%emt 0:01:58]} a6 {[%emt 0:00:36]} 37. b4 {[%emt 0:00:27]} Rgf7 {[%emt 0:00:13]} 38. Rgf1 {[%emt 0:00:15]} Kg7 {[%emt 0:00:23]} 39. Kh2 {[%emt 0:00:33]} h5 {[%emt 0:00:45]} 40. Qc2 {[%emt 0:01:01]} Kh6 {[%emt 0:30:54]} 41. Kg2 {[%emt 0:08:42]} Bh7 {[%emt 0:00:00]} 42. Qd2 {[%emt 0:01:25]} Kg7 {[%emt 0:00:00]} 43. Kh2 {[%emt 0:01:43]} Kg8 {[%emt 0:00:00]} 44. Qe2 {[%emt 0:05:54]} Bg6 {[%emt 0:00:00]} 45. Qd2 {[%emt 0:02:37]} Rh7 {[%emt 0:00:00]} 46. Qc2 {[%emt 0:01:09]} Qg7 {[%emt 0:00:00]} 47. Qd2 {[%emt 0:05:56]} Qh6 {[%emt 0:00:00]} 48. Kg2 {[%emt 0:01:31]} Rhf7 {[%emt 0:00:00]} 49. Kh2 {[%emt 0:02:26]} Kh8 {[%emt 0:00:00]} 50. Kg2 {[%emt 0:00:11]} h4 {[%emt 0:00:00]} 51. g4 {[%emt 0:01:02]} fxg4 {[%emt 0:00:03]} 52. hxg4 {[%emt 0:03:32]} h3+ {[%emt 0:01:43]} 53. Kg1 {[%emt 0:00:28]} Rxf2 {[%emt 0:00:14]} 54. Rxf2 {[%emt 0:00:04]} Rxf2 {[%emt 0:00:08]} 55. Qxf2 {[%emt 0:00:31]} h2+ {[%emt 0:00:13]} 56. Kh1 {[%emt 0:00:34]} Bxd3 {[%emt 0:00:08]} 57. Qxh2 {[%emt 0:00:45]} Qh4 {[%emt 0:03:31]} 58. a5 {[%emt 0:00:30]} Be2 {[%emt 0:00:19]} 0-1

[Event "AUT-ch 2018"]
[Site "Vienna"]
[Date "2018.07.24"]
[Round "4"]
[White "Konecny, Sophie"]
[Black "Jedinger, Andreas"]
[Result "1/2-1/2"]
[WhiteElo "1889"]
[BlackElo "2090"]
[Annotator "NA"]
[PlyCount "68"]
[EventDate "2018.07.22"]
[EventType "swiss"]
[EventCountry "AUT"]
[SourceTitle "playchess.com"]
[Source "ChessBase"]
[SourceQuality "1"]
[TimeControl "40/5400+30:1800+30"]

1. d4 {[%emt 0:00:00]} Nf6 {[%emt 0:00:06]} 2. c4 {[%emt 0:00:00]} g6 {[%emt 0:00:05]} 3. Nf3 {[%emt 0:00:00]} Bg7 {[%emt 0:00:03]} 4. Nc3 {[%emt 0:00:00]} O-O {[%emt 0:00:06]} 5. e4 {[%emt 0:00:00]} d6 {[%emt 0:00:04]} 6. Be2 {[%emt 0:00:02]} e5 {[%emt 0:00:08]} 7. O-O {[%emt 0:00:06]} Nc6 {[%emt 0:00:02]} 8. dxe5 {[%emt 0:00:06]} dxe5 {[%emt 0:01:13]} 9. Bg5 {[%emt 0:00:18]} Qxd1 {[%emt 0:08:04]} 10. Rfxd1 {[%emt 0:00:34]} Bg4 {[%emt 0:01:26]} 11. h3 {[%emt 0:02:00]} Bxf3 {[%emt 0:00:07]} 12. Bxf3 {[%emt 0:01:03]} Nd4 {[%emt 0:01:06]} 13. Nd5 {[%emt 0:00:50]} Nxd5 {[%emt 0:03:48]} 14. cxd5 {[%emt 0:01:04]} f5 {[%emt 0:05:50]} 15. Rac1 {[%emt 0:04:09]} Rf7 {[%emt 0:02:28]} 16. Be3 {[%emt 0:09:22]} fxe4 {[%emt 0:06:14]} 17. Bg4 {[%emt 0:05:34]} Nf5 {[%emt 0:06:16]} 18. Rc4 {[%emt 0:07:45]} h5 {[%emt 0:01:48]} 19. Be2 {[%emt 0:04:08]} Nd4 {[%emt 0:00:40]} 20. Bf1 {[%emt 0:03:30]} Rd8 {[%emt 0:01:43]} 21. Rdc1 {[%emt 0:04:13]} Rxd5 {[%emt 0:16:57]} 22. Rxc7 {[%emt 0:01:19]} Rdd7 {[%emt 0:00:15]} 23. Rc8+ {[%emt 0:05:00]} Kh7 {[%emt 0:00:21]} 24. Bc4 {[%emt 0:01:01]} Rf8 {[%emt 0:00:11]} 25. Bf1 {[%emt 0:02:36]} Rxc8 {[%emt 0:02:36]} 26. Rxc8 {[%emt 0:00:06]} Bf6 {[%emt 0:05:19]} 27. Rc4 {[%emt 0:03:57]} a6 {[%emt 0:05:15]} 28. Kh2 {[%emt 0:04:37]} Kg7 {[%emt 0:01:00]} 29. b3 {[%emt 0:03:10]} Kf7 {[%emt 0:00:14]} 30. Rc8 {[%emt 0:03:03]} Bd8 {[%emt 0:00:36]} 31. Bc4+ {[%emt 0:05:11]} Kg7 {[%emt 0:00:08]} 32. Rc5 {[%emt 0:04:30]} Nf5 {[%emt 0:13:16]} 33. Rd5 {[%emt 0:02:36]} Rxd5 {[%emt 0:00:15]} 34. Bxd5 {[%emt 0:00:05]} Nxe3 {[%emt 0:00:03]} 1/2-1/2

[Event "AUT-ch 2018"]
[Site "Vienna"]
[Date "2018.07.24"]
[Round "4"]
[White "Tschida, Verena"]
[Black "Hatzl, Johannes"]
[Result "0-1"]
[WhiteElo "1610"]
[BlackElo "2068"]
[Annotator "NA"]
[PlyCount "144"]
[EventDate "2018.07.22"]
[EventType "swiss"]
[EventCountry "AUT"]
[SourceTitle "playchess.com"]
[Source "ChessBase"]
[SourceQuality "1"]
[TimeControl "40/5400+30:1800+30"]

1. d4 {[%emt 0:00:00]} Nf6 {[%emt 0:00:08]} 2. c4 {[%emt 0:00:00]} e6 {[%emt 0:00:13]} 3. Nf3 {[%emt 0:00:04]} d5 {[%emt 0:00:25]} 4. Nc3 {[%emt 0:00:29]} Be7 {[%emt 0:01:44]} 5. e3 {[%emt 0:02:47]} O-O {[%emt 0:01:22]} 6. Bd2 {[%emt 0:00:19]} b6 {[%emt 0:06:34]} 7. Rc1 {[%emt 0:08:34]} Bb7 {[%emt 0:03:10]} 8. Be2 {[%emt 0:01:14]} Nbd7 {[%emt 0:04:29]} 9. O-O {[%emt 0:01:53]} c5 {[%emt 0:03:19]} 10. b3 {[%emt 0:14:58]} Rc8 {[%emt 0:02:52]} 11. cxd5 {[%emt 0:05:39]} exd5 12. Rc2 {[%emt 0:08:58]} Re8 {[%emt 0:10:37]} 13. Bc1 {[%emt 0:05:38]} Qc7 {[%emt 0:07:41]} 14. Nb5 {[%emt 0:01:57]} Qb8 {[%emt 0:00:12]} 15. Bb2 {[%emt 0:07:15]} a6 {[%emt 0:02:39]} 16. Nc3 {[%emt 0:01:36]} Red8 {[%emt 0:06:18]} 17. Nb1 {[%emt 0:10:32]} Bd6 {[%emt 0:02:07]} 18. h3 {[%emt 0:01:10]} Ne4 {[%emt 0:03:56]} 19. Nbd2 {[%emt 0:02:52]} Ndf6 {[%emt 0:06:24]} 20. Nxe4 {[%emt 0:02:34]} Nxe4 {[%emt 0:01:20]} 21. dxc5 {[%emt 0:01:12]} bxc5 {[%emt 0:00:40]} 22. Qa1 {[%emt 0:01:23]} f6 {[%emt 0:01:34]} 23. Rd1 {[%emt 0:02:03]} Be7 {[%emt 0:04:29]} 24. Nd2 {[%emt 0:02:17]} Nxd2 {[%emt 0:06:15]} 25. Rcxd2 {[%emt 0:00:14]} Qd6 {[%emt 0:01:20]} 26. Bf3 {[%emt 0:01:25]} Qe6 {[%emt 0:02:53]} 27. Qb1 {[%emt 0:00:27]} Rb8 {[%emt 0:01:30]} 28. Bg4 {[%emt 0:01:06]} Qf7 {[%emt 0:00:11]} 29. Qf5 {[%emt 0:01:30]} Bc8 {[%emt 0:02:04]} 30. Qd3 {[%emt 0:00:26]} Bxg4 {[%emt 0:01:08]} 31. hxg4 {[%emt 0:00:02]} Qe6 {[%emt 0:01:12]} 32. Qf5 {[%emt 0:00:23]} Qxf5 {[%emt 0:01:32]} 33. gxf5 {[%emt 0:00:02]} c4 {[%emt 0:00:14]} 34. bxc4 {[%emt 0:01:47]} dxc4 {[%emt 0:00:30]} 35. Rxd8+ {[%emt 0:00:21]} Rxd8 {[%emt 0:01:32]} 36. Rxd8+ {[%emt 0:00:18]} Bxd8 {[%emt 0:00:01]} 37. Kf1 {[%emt 0:02:01]} Kf7 {[%emt 0:00:34]} 38. Ke2 {[%emt 0:03:27]} Ke7 {[%emt 0:01:27]} 39. Ba3+ {[%emt 0:01:40]} Kd7 {[%emt 0:00:09]} 40. Bf8 {[%emt 0:05:21]} g6 {[%emt 0:30:15]} 41. fxg6 {[%emt 0:30:25]} hxg6 {[%emt 0:00:05]} 42. Kd2 {[%emt 0:02:50]} Ba5+ {[%emt 0:02:54]} 43. Kc2 {[%emt 0:00:33]} Ke6 {[%emt 0:02:51]} 44. f3 {[%emt 0:01:47]} Kd5 {[%emt 0:03:16]} 45. Be7 {[%emt 0:00:00]} f5 {[%emt 0:00:00]} 46. Bf6 {[%emt 0:00:00]} Bb6 {[%emt 0:00:00]} 47. Kd2 {[%emt 0:00:00]} Bc7 {[%emt 0:00:00]} 48. Bc3 {[%emt 0:00:00]} Bd6 {[%emt 0:00:00]} 49. Ke2 {[%emt 0:00:00]} g5 {[%emt 0:00:00]} 50. Kd2 {[%emt 0:00:00]} g4 {[%emt 0:00:00]} 51. Ke2 {[%emt 0:00:00]} Be7 {[%emt 0:00:00]} 52. Kd2 {[%emt 0:00:00]} Ba3 {[%emt 0:00:00]} 53. Kc2 {[%emt 0:00:00]} Bc5 {[%emt 0:00:00]} 54. Kd2 {[%emt 0:00:00]} Bb6 {[%emt 0:00:00]} 55. Ke2 {[%emt 0:00:00]} Bc7 {[%emt 0:00:00]} 56. Kd2 {[%emt 0:00:00]} Ke6 {[%emt 0:00:00]} 57. Ke2 {[%emt 0:00:00]} gxf3+ {[%emt 0:00:00]} 58. gxf3 {[%emt 0:00:00]} Kd5 {[%emt 0:00:00]} 59. Kd2 {[%emt 0:00:00]} Kc5 {[%emt 0:00:00]} 60. e4 {[%emt 0:00:28]} Bf4+ {[%emt 0:00:00]} 61. Kc2 {[%emt 0:00:26]} fxe4 {[%emt 0:00:00]} 62. fxe4 {[%emt 0:00:04]} Bc7 {[%emt 0:00:00]} 63. Kd2 {[%emt 0:01:20]} Kb5 {[%emt 0:00:00]} 64. Kc2 {[%emt 0:01:26]} Ka4 {[%emt 0:00:00]} 65. Kb2 {[%emt 0:00:12]} Bd6 {[%emt 0:00:00]} 66. e5 {[%emt 0:00:23]} Be7 {[%emt 0:00:00]} 67. e6 {[%emt 0:00:24]} Kb5 {[%emt 0:00:00]} 68. Bd4 {[%emt 0:00:17]} Kc6 {[%emt 0:00:00]} 69. Kc3 {[%emt 0:00:34]} Kd5 {[%emt 0:00:00]} 70. a4 {[%emt 0:02:05]} a5 {[%emt 0:00:13]} 71. Bf6 {[%emt 0:03:34]} Bxf6+ {[%emt 0:00:21]} 72. Kc2 {[%emt 0:00:08]} Kxe6 {[%emt 0:00:04]} 0-1

[Event "AUT-ch 2018"]
[Site "Vienna"]
[Date "2018.07.25"]
[Round "5"]
[White "Diermair, Andreas"]
[Black "Fauland, Alexander"]
[Result "1-0"]
[WhiteElo "2508"]
[BlackElo "2419"]
[Annotator "ChessBase"]
[PlyCount "45"]
[EventDate "2018.07.22"]
[EventType "swiss"]
[EventCountry "AUT"]
[SourceTitle "playchess.com"]
[Source "ChessBase"]
[SourceQuality "1"]
[TimeControl "40/5400+30:1800+30"]

1. d4 {[%emt 0:00:00]} d5 {[%emt 0:00:00]} 2. c4 {[%emt 0:00:00]} e6 {[%emt 0:00:01]} 3. Nc3 {[%emt 0:01:11]} c6 {[%emt 0:00:22]} 4. Nf3 {[%emt 0:03:55]} f5 {[%emt 0:00:07]} 5. Bf4 {[%emt 0:00:08]} Nf6 {[%emt 0:00:08]} 6. e3 {[%emt 0:00:14]} Be7 {[%emt 0:00:17]} 7. Bd3 {[%emt 0:02:34]} O-O {[%emt 0:00:08]} 8. h3 {[%emt 0:04:17]} Ne4 {[%emt 0:02:35]} 9. Qb3 {[%emt 0:03:37]} Nd7 {[%emt 0:07:00]} 10. cxd5 {[%emt 0:05:58]} cxd5 {[%emt 0:00:07]} 11. Rc1 {[%emt 0:08:02]} a6 {[%emt 0:08:07]} 12. O-O {[%emt 0:02:43]} g5 {[%emt 0:02:41]} 13. Bh2 {[%emt 0:00:25]} Ndf6 {[%emt 0:05:16]} 14. Rc2 {[%emt 0:04:16]} g4 {[%emt 0:05:37]} 15. Ne5 {[%emt 0:01:50]} Bd6 {[%emt 0:04:00]} 16. Ne2 {[%emt 0:08:43]} gxh3 {[%emt 0:05:52]} 17. gxh3 {[%emt 0:00:59]} Ng5 {[%emt 0:00:58]} 18. Nf4 {[%emt 0:10:01]} Bxe5 {[%emt 0:11:26]} 19. dxe5 {[%emt 0:00:11]} Ne8 {[%emt 0:01:36]} 20. f3 {[%emt 0:02:11]} Kh8 {[%emt 0:01:23]} 21. Kh1 {[%emt 0:00:43]} Ng7 {[%emt 0:07:11]} 22. Rg2 {[%emt 0:02:26]} Ne8 {[%emt 0:11:29]} 23. Qb4 {[%emt 0:02:21]} 1-0

[Event "AUT-ch 2018"]
[Site "Vienna"]
[Date "2018.07.25"]
[Round "5"]
[White "Balinov, Ilia"]
[Black "Dragnev, Valentin"]
[Result "1/2-1/2"]
[WhiteElo "2478"]
[BlackElo "2499"]
[Annotator "TA"]
[PlyCount "105"]
[EventDate "2018.07.22"]
[EventType "swiss"]
[EventCountry "AUT"]
[SourceTitle "playchess.com"]
[Source "ChessBase"]
[SourceQuality "1"]

{[%evp 13,105,20,27,19,17,21,20,35,34,21,42,17,44,32,25,20,4,0,0,0,0,0,0,0,0,0,0,0,0,0,0,0,0,0,0,0,0,-16,-16,-14,-16,-12,-10,-46,-43,-44,-9,-16,-16,-16,-17,-21,0,0,0,0,0,0,0,0,0,0,0,0,0,0,0,0,0,-500,0,0,0,0,0,0,0,0,0,0,0,0,0,0,0,0,0,0,0,0,0,0,0,0]} 1. Nf3 d5 2. c4 e6 3. d4 Nf6 4. Nc3 c5 5. cxd5 Nxd5 6. g3 Nxc3 {D41: Queen's Gambit Declined: Semi-Tarrasch with 5 cxd5} (6... cxd4 7. Nxd5 Qxd5 8. Qxd4 Qb5 9. a3 Nc6 10. Qc3 a5 11. e4 Qc5 12. Bd2 Qxc3 13. Bxc3 f6 14. e5 Bc5 15. Bc4 Ke7 16. O-O {1-0 (45) Ivanchuk,V (2729)-Wei,Y (2739) Medias 2017}) 7. bxc3 b6 {LiveBook: 7 Games} 8. Ne5 {Hoping for Bg2.} Bb7 $1 {[%cal Rb7h1]} 9. e4 $146 {Threatens to win with Bb5+.} ({Predecessor:} 9. Qa4+ Nd7 10. d5 Bd6 11. Nxf7 Kxf7 12. dxe6+ Kxe6 13. Bh3+ Ke7 14. O-O {0-1 (33) Olszewski,M (2549)-Ninov,N (2512) Peristeri 2010}) 9... a6 $1 10. Bg2 cxd4 11. O-O Nc6 12. Nxc6 Bxc6 13. cxd4 Bb5 14. Re1 Bb4 15. Bd2 Qxd4 16. Bxb4 Qxb4 17. a4 Bc4 18. Qd4 O-O 19. Reb1 Rad8 {[#] ...Qxb1+! is the strong threat.} 20. Qxg7+ $1 {[%mdl 512]} Kxg7 21. Rxb4 b5 22. axb5 axb5 23. Bf1 Rd4 24. Rc1 {[%cal Rf1c4]} Rc8 25. f3 Bxf1 26. Rxc8 Rxb4 27. Kxf1 $11 {[%mdl 4096] Endgame KR-KR} Rb1+ 28. Kf2 Rb2+ 29. Kg1 $1 e5 30. Rc6 b4 {[%cal Bb5b4,Bb4b3][%mdl 32]} 31. Rb6 b3 32. f4 f5 33. Rb7+ Kf8 34. Rb8+ Kf7 35. Rb7+ Kg8 36. Rb8+ ({Don't blunder} 36. fxe5 $2 fxe4 37. Rb8+ Kf7 $19) 36... Kf7 37. Rb7+ Kf8 38. Rb8+ Ke7 39. Rb7+ Ke8 40. exf5 e4 {White must now prevent ...e3.} 41. f6 $2 {[%mdl 8192] [#]} ({Don't go for} 41. Rxh7 $2 Rd2 $19) (41. g4 $11 {and White has nothing to worry.}) 41... Kf8 $2 (41... h5 $1 $19 {aiming for ...Kf8.} 42. Kf1 Kf8) 42. g4 $1 {The position is equal.} e3 43. g5 Rb1+ 44. Kg2 e2 (44... b2 $5 45. Rb8+ $8 Kf7 46. Rb7+ Ke8 47. Rb8+ Kf7 48. Rb7+ Kf8 49. Rb8+ Kf7 $11) 45. Rb8+ Kf7 46. Rb7+ Kf8 47. Rb8+ Kf7 48. Rb7+ Kg6 (48... Kg8 $5 49. Rb8+ $8 Kf7 $11) 49. Rg7+ Kh5 $1 50. Rxh7+ Kg6 51. Rg7+ $1 Kh5 52. Rh7+ $1 Kg6 53. Rg7+ $1 {Precision: White = 81%, Black = 59%.} 1/2-1/2

[Event "AUT-ch 2018"]
[Site "Vienna"]
[Date "2018.07.25"]
[Round "5"]
[White "Stanec, Nikolaus"]
[Black "Schroll, Gerhard"]
[Result "1-0"]
[WhiteElo "2465"]
[BlackElo "2295"]
[Annotator "TA"]
[PlyCount "69"]
[EventDate "2018.07.22"]
[EventType "swiss"]
[EventCountry "AUT"]
[SourceTitle "playchess.com"]
[Source "ChessBase"]
[SourceQuality "1"]

{[%evp 14,69,49,44,68,68,74,46,58,62,69,45,86,77,84,70,66,66,45,59,102,103,130,135,126,116,129,123,138,130,135,91,96,88,89,89,114,112,131,102,102,80,81,72,81,66,101,95,116,121,112,139,125,112,122,111,192,170]} 1. Nf3 f5 2. g3 Nf6 3. Bg2 e6 4. O-O Be7 5. c4 O-O 6. Nc3 d5 7. d3 c6 8. Qc2 {LiveBook: 4 Games. A10: English Opening: Unusual Replies for Black} Na6 (8... a5 9. e4 d4 10. e5 dxc3 11. exf6 Bxf6 12. bxc3 e5 13. Re1 Re8 14. Ba3 Qc7 15. Rab1 Nd7 {1-0 (41) Mamedov,R (2708)-Sihite,C (2235) Minsk 2018}) 9. a3 Bd7 10. b4 $146 {White is better.} ({Predecessor:} 10. e4 Be8 11. cxd5 cxd5 12. exf5 exf5 13. Be3 Bf7 14. Nb5 Qd7 15. Nbd4 Ng4 {1-0 (27) Jaracz,P (2532)-Froeyman,H (2316) Cappelle-la-Grande 2005}) 10... Nc7 11. Rb1 Be8 12. e3 b5 13. cxd5 cxd5 14. Bb2 a5 15. Ne2 {[%cal Bc3e2,Be2d4,Bd4b3,Bb3c5][%mdl 32]} axb4 16. axb4 Bd6 17. Be5 Bh5 18. Bxd6 Qxd6 19. Rfc1 Rfc8 20. Ned4 Bxf3 21. Bxf3 Qd7 22. Nb3 Nce8 23. Nc5 Qd6 24. Be2 Ra7 25. Ra1 Rca8 26. Rxa7 Rxa7 27. d4 Qb6 28. Qd3 Nc7 29. Nb3 Na6 30. Qc3 $36 {[%mdl 2048] White has strong initiative.} Kf7 31. Nc5 Nc7 32. Nd3 Nd7 33. g4 g6 34. gxf5 gxf5 (34... exf5 $16 35. Ne5+ Nxe5 36. dxe5 h5) 35. Kh1 {Precision: White = 73%, Black = 29%.} 1-0

[Event "AUT-ch 2018"]
[Site "Vienna"]
[Date "2018.07.25"]
[Round "5"]
[White "Menezes, Christoph"]
[Black "Kummer, Helmut"]
[Result "0-1"]
[WhiteElo "2430"]
[BlackElo "2290"]
[Annotator "NA"]
[PlyCount "144"]
[EventDate "2018.07.22"]
[EventType "swiss"]
[EventCountry "AUT"]
[SourceTitle "playchess.com"]
[Source "ChessBase"]
[SourceQuality "1"]
[TimeControl "40/5400+30:1800+30"]

1. Nf3 {[%emt 0:00:00]} d5 {[%emt 0:00:00]} 2. g3 {[%emt 0:00:00]} c5 {[%emt 0:00:54]} 3. Bg2 {[%emt 0:00:50]} Nc6 {[%emt 0:00:07]} 4. d4 {[%emt 0:01:15]} e6 {[%emt 0:02:39]} 5. O-O {[%emt 0:00:47]} Nf6 {[%emt 0:00:10]} 6. c4 {[%emt 0:01:06]} cxd4 {[%emt 0:07:11]} 7. Nxd4 {[%emt 0:00:25]} Bc5 {[%emt 0:03:04]} 8. Nxc6 {[%emt 0:07:28]} bxc6 {[%emt 0:00:05]} 9. Qa4 {[%emt 0:03:10]} Bd7 {[%emt 0:01:30]} 10. Qc2 {[%emt 0:03:03]} Rc8 {[%emt 0:03:04]} 11. Nc3 {[%emt 0:00:49]} e5 {[%emt 0:02:43]} 12. Bg5 {[%emt 0:13:42]} d4 {[%emt 0:05:31]} 13. Ne4 {[%emt 0:04:16]} Be7 {[%emt 0:00:05]} 14. Bxf6 {[%emt 0:05:41]} gxf6 {[%emt 0:00:06]} 15. Nd2 {[%emt 0:01:00]} f5 {[%emt 0:15:24]} 16. Nf3 {[%emt 0:10:36]} Bf6 {[%emt 0:00:56]} 17. e4 {[%emt 0:01:02]} fxe4 18. Qxe4 {[%emt 0:00:12]} O-O {[%emt 0:17:15]} 19. Nxe5 {[%emt 0:02:37]} Re8 {[%emt 0:00:29]} 20. f4 {[%emt 0:01:13]} c5 {[%emt 0:00:05]} 21. Rfe1 {[%emt 0:06:25]} Qc7 {[%emt 0:16:00]} 22. Bf1 {[%emt 0:03:19]} Bxe5 {[%emt 0:04:29]} 23. fxe5 {[%emt 0:00:11]} Qc6 {[%emt 0:00:27]} 24. Qf4 {[%emt 0:02:44]} Qg6 {[%emt 0:02:59]} 25. Rad1 {[%emt 0:05:28]} Rb8 {[%emt 0:00:55]} 26. Bd3 {[%emt 0:02:06]} Qg7 {[%emt 0:00:05]} 27. Rd2 {[%emt 0:06:38]} Rb6 {[%emt 0:00:10]} 28. Be4 {[%emt 0:04:04]} Be6 {[%emt 0:02:54]} 29. Bd3 {[%emt 0:02:47]} a5 {[%emt 0:00:19]} 30. g4 {[%emt 0:01:08]} Reb8 {[%emt 0:02:00]} 31. Ree2 {[%emt 0:00:34]} Rb4 {[%emt 0:04:15]} 32. Rc2 {[%emt 0:01:10]} h6 {[%emt 0:01:00]} 33. h3 {[%emt 0:02:50]} Qg5 {[%emt 0:00:40]} 34. Qe4 {[%emt 0:00:09]} Kf8 {[%emt 0:01:57]} 35. Kh2 {[%emt 0:01:23]} h5 {[%emt 0:03:50]} 36. Kg3 {[%emt 0:01:28]} R4b6 {[%emt 0:00:19]} 37. Qf4 {[%emt 0:00:52]} Qxf4+ {[%emt 0:02:31]} 38. Kxf4 {[%emt 0:00:04]} hxg4 {[%emt 0:00:04]} 39. hxg4 {[%emt 0:00:21]} Kg7 {[%emt 0:00:49]} 40. Rh2 {[%emt 0:01:09]} Rh8 {[%emt 0:00:07]} 41. Rxh8 {[%emt 0:07:13]} Kxh8 {[%emt 0:00:00]} 42. Bf5 {[%emt 0:00:06]} a4 {[%emt 0:01:04]} 43. Ke4 {[%emt 0:15:15]} Kg7 {[%emt 0:03:33]} 44. Kf4 {[%emt 0:05:06]} Rb8 {[%emt 0:02:08]} 45. Be4 {[%emt 0:03:28]} Rb4 {[%emt 0:04:46]} 46. Bd3 {[%emt 0:00:14]} Kf8 {[%emt 0:01:14]} 47. Kg3 {[%emt 0:02:16]} Ke7 {[%emt 0:00:08]} 48. Kf4 {[%emt 0:01:19]} Rb8 {[%emt 0:01:25]} 49. Be4 {[%emt 0:00:59]} Rd8 {[%emt 0:00:54]} 50. Bd3 {[%emt 0:00:27]} Rh8 {[%emt 0:00:28]} 51. Be4 {[%emt 0:01:02]} Rh3 {[%emt 0:03:33]} 52. Bf3 {[%emt 0:02:51]} Kd8 {[%emt 0:00:20]} 53. Bd5 {[%emt 0:00:38]} Kd7 {[%emt 0:00:06]} 54. Rf2 {[%emt 0:00:56]} Ke7 {[%emt 0:07:25]} 55. a3 {[%emt 0:00:26]} Re3 {[%emt 0:00:57]} 56. Rd2 {[%emt 0:01:01]} Re1 {[%emt 0:00:14]} 57. Rf2 {[%emt 0:00:24]} Rg1 {[%emt 0:00:20]} 58. Bxe6 {[%emt 0:00:32]} Kxe6 {[%emt 0:00:19]} 59. Rf3 {[%emt 0:00:25]} Rb1 {[%emt 0:01:10]} 60. Rf2 {[%emt 0:00:04]} Rc1 {[%emt 0:00:52]} 61. Ke4 {[%emt 0:00:23]} Re1+ {[%emt 0:00:22]} 62. Kd3 {[%emt 0:00:04]} Rxe5 {[%emt 0:00:21]} 63. Rh2 {[%emt 0:00:15]} Re3+ {[%emt 0:02:36]} 64. Kd2 {[%emt 0:00:01]} Rb3 {[%emt 0:04:43]} 65. Kc1 {[%emt 0:00:25]} Ke5 {[%emt 0:00:29]} 66. Rh5+ {[%emt 0:01:29]} Ke4 {[%emt 0:00:04]} 67. Rxc5 {[%emt 0:00:08]} Rg3 {[%emt 0:00:15]} 68. Rc8 {[%emt 0:01:53]} Kd3 {[%emt 0:01:44]} 69. Kb1 {[%emt 0:00:09]} Rg1+ {[%emt 0:00:04]} 70. Ka2 {[%emt 0:00:01]} Kc2 {[%emt 0:00:26]} 71. c5 {[%emt 0:00:30]} d3 {[%emt 0:00:13]} 72. c6 {[%emt 0:00:10]} Rxg4 {[%emt 0:00:04]} 0-1

[Event "AUT-ch 2018"]
[Site "Vienna"]
[Date "2018.07.25"]
[Round "5"]
[White "Froewis, Georg"]
[Black "Sadilek, Peter"]
[Result "1-0"]
[WhiteElo "2427"]
[BlackElo "2268"]
[Annotator "TA"]
[PlyCount "53"]
[EventDate "2018.07.22"]
[EventType "swiss"]
[EventCountry "AUT"]
[SourceTitle "playchess.com"]
[Source "ChessBase"]
[SourceQuality "1"]

{[%evp 23,53,0,5,-7,9,-76,-17,-33,-41,-39,-22,-13,0,0,17,-7,39,22,45,33,38,31,131,111,164,170,177,131,297,290,277,266]} 1. g3 Nf6 2. Bg2 d5 3. c4 e6 4. d4 Be7 5. Nc3 O-O 6. Nf3 Nbd7 7. O-O c6 8. Bf4 dxc4 9. e4 Re8 {E07: Closed Catalan: Main Line (5 Nf3 0-0 6 0-0 Nbd7)} 10. a4 b6 11. Qe2 Ba6 12. Rfd1 Bb4 {LiveBook: 3 Games} 13. Nd2 Rc8 {[#]} 14. g4 $146 (14. Rac1 $11 {remains equal.}) ({Predecessor:} 14. Nxc4 Bxc3 15. bxc3 c5 16. e5 Nd5 17. Rdc1 Nxf4 18. gxf4 {0-1 (50) Lalith,B (2584)-Vitiugov,N (2724) Moscow 2017}) 14... h6 (14... c5 $17 15. Bd6 Bxc3 16. bxc3 cxd4) 15. g5 hxg5 16. Bxg5 {Hoping for e5.} Qc7 17. e5 Nh7 18. Bf4 f5 19. Nxc4 Nhf6 20. Na2 Bf8 21. Rac1 Nd5 22. Bg5 c5 (22... Nb8 $14) 23. Qh5 $1 $16 Qb8 (23... Nb8 $16) 24. Rd3 $1 $36 {[%cal Rd3h3][%mdl 2048] White is on the roll.} cxd4 {[#]} 25. Rh3 $1 Rxc4 $2 {[#]} (25... Nxe5 $16 26. Bxd5 exd5) 26. Bf3 $1 {Threatening mate with Qh7+.} Rxc1+ 27. Nxc1 {Precision: White = 69%, Black = 15%.} 1-0